[Event "Coimbra op"]
[Site "Coimbra"]
[Date "2014.04.27"]
[Round "6"]
[White "Paiva, Henrique MA Alberg"]
[Black "Ribeiro, Luis Henrique Gonca"]
[Result "0-1"]
[WhiteElo "1697"]
[BlackElo "1409"]
[PlyCount "65"]
[EventDate "2014.04.25"]
[EventType "swiss"]
[EventRounds "7"]
[EventCountry "POR"]
[SourceTitle "CBM 160 Extra"]
[Source "ChessBase"]
[SourceDate "2014.07.01"]
[SourceVersion "1"]
[SourceVersionDate "2014.07.01"]
[SourceQuality "1"]

1. e4 e6 2. d4 d5 3. exd5 exd5 4. Bd3 Nc6 5. c3 Bd6 6. Ne2 Nge7 7. 0-0 0-0 8. Nd2 Bf5 9. Nf3 Bxd3 10. Qxd3 f6 11. Re1 Ng6 12. Ng3 Nce7 13. Bd2 Qd7 14. b3 Rad8 15. c4 dxc4 16. bxc4 c5 17. d5 Ne5 18. Nxe5 Bxe5 19. Rab1 Ng6 20. Nf5 Rf7 21. d6 b6 22. h4 Ne7 23. Rxe5 fxe5 24. Nxg7 Qxd6 25. Qxd6 Rxd6 26. Bc3 Nc6 27. Nh5 Nd4 28. Re1 Re6 29. Re4 Rfe7 30. Bd2 Rg6 31. Bg5 Ree6 32. Nf6+ Rexf6 33. Rxe5 0-1

[Event "POR-ch U14"]
[Site "Braga"]
[Date "2013.08.04"]
[Round "4.6"]
[White "Bastos, Ana Raquel da Costa"]
[Black "Ribeiro, Luis Henrique Gonca"]
[Result "1/2-1/2"]
[WhiteElo "1608"]
[BlackElo "1392"]
[PlyCount "75"]
[EventDate "2013.08.02"]
[EventType "swiss"]
[EventRounds "7"]
[EventCountry "POR"]
[SourceTitle "EXT 2015"]
[Source "ChessBase"]
[SourceDate "2014.11.20"]
[SourceVersion "1"]
[SourceVersionDate "2014.11.20"]
[SourceQuality "1"]

1. e4 e6 2. d4 d5 3. Nc3 Nf6 4. e5 Nfd7 5. f4 c5 6. Nf3 Nc6 7. Be3 cxd4 8. Nxd4 Bc5 9. Qd2 0-0 10. 0-0-0 a6 11. Be2 Nxd4 12. Bxd4 b5 13. Bf3 Bb7 14. h4 b4 15. Ne2 a5 16. g4 Qc7 17. Kb1 Rfc8 18. Bxc5 Nxc5 19. Nd4 Qb6 20. Qe3 Na4 21. Rde1 Nc5 22. Be2 Ba6 23. Nb3 a4 24. Nxc5 Rxc5 25. Bd3 a3 26. b3 Bxd3 27. cxd3 Qb5 28. Rc1 Rac8 29. Rxc5 Rxc5 30. Rc1 Rxc1+ 31. Kxc1 Qc6+ 32. Kd1 Qc3 33. Qd2 Qc5 34. d4 Qb5 35. Qe2 Qc6 36. Qc2 Qxc2+ 37. Kxc2 Kf8 38. Kd3 1/2-1/2